[Event "CZE-chT1c 9697"]
[Site "CZE"]
[Date "1997.??.??"]
[Round "?"]
[White "Kratochvil, Milos"]
[Black "Vanka, Miloslav"]
[Result "0-1"]
[WhiteElo "2070"]
[BlackElo "2260"]

1.d4 f5 2.Nf3 Nf6 3.g3 g6 4.Bg2 Bg7 5.O-O O-O 6.c4 d6 7.Nc3 Nc6 8.d5 Ne5
9.Nxe5 dxe5 10.Qb3 Kh8 11.c5 e6 12.Bg5 exd5 13.Bxd5 c6 14.Bg2 Qe7 15.Qa3 h6
16.Bd2 Be6 17.b4 Rad8 18.Rad1 a6 19.Bc1 Bc4 20.Qb2 Qe6 21.Rfe1 e4 22.Qc2 Nd5
23.Nxd5 Bxd5 24.Bb2 Bxa2 25.Bxg7+ Kxg7 26.Rxd8 Rxd8 27.Rd1 Rxd1+ 28.Qxd1 Bd5
29.Qa1+ Qf6 30.Qa5 Qe7 31.e3 g5 32.Bf1 Kg6 33.Qa1 Qg7 34.Qa3 h5 35.Qc1 Qe5
36.Be2 h4 37.Bf1 Kf7 38.Kg2 f4 39.exf4 e3+ 40.Kg1 gxf4 41.fxe3 hxg3 42.hxg3 fxe3
43.Kh2 Qh5+ 44.Bh3 Qe2+  0-1

[Event "CZE-chT1a 9697"]
[Site "CZE"]
[Date "1997.??.??"]
[Round "?"]
[White "Chmelik, Jiri"]
[Black "Palek, Miroslav"]
[Result "0-1"]
[WhiteElo "2125"]
[BlackElo "2255"]

1.d4 f5 2.g3 Nf6 3.Bg2 g6 4.Nf3 Bg7 5.O-O O-O 6.c4 d6 7.Nc3 Nc6 8.d5 Ne5
9.Nxe5 dxe5 10.b3 e4 11.Qc2 e6 12.dxe6 Bxe6 13.Ba3 Rf7 14.Rad1 Rd7 15.Rxd7 Qxd7
16.Rd1 Qf7 17.e3 g5 18.Nb5 a6 19.Nd4 Bd7 20.Ne2 Re8 21.Nc3 Ng4 22.Nd5 c6
23.Nb6 Be6 24.Bd6 Qh5 25.h3 Ne5 26.Bxe5 Bxe5 27.Nd7 Bg7 28.Nc5 Bc8 29.b4 b6
30.Nb3 f4 31.exf4 gxf4 32.Bxe4 fxg3 33.f3 Bxh3 34.Bxc6 Rf8 35.Bd5+ Kh8 36.Qe2 Rf4
37.Be4 Bf6 38.Rd5 Qh4 39.Bd3 Kg7 40.Be4 Bf1 41.Rd7+ Kh8 42.Qc2 Rxe4  0-1

[Event "CZE-chT2 9798"]
[Site "CZE"]
[Date "1997.??.??"]
[Round "3.1"]
[White "Jirovsky, Pavel"]
[Black "Krouzel, Jaroslav"]
[Result "1/2-1/2"]
[WhiteElo "2395"]
[BlackElo "2325"]

1.d4 f5 2.Nf3 Nf6 3.g3 g6 4.Bg2 Bg7 5.O-O O-O 6.c4 d6 7.Nc3 Nc6 8.d5 Ne5
9.Nxe5 dxe5 10.b3 e4 11.Ba3 Re8 12.Qc2 e6 13.dxe6 Bxe6 14.Rad1 Qc8 15.f3 exf3
16.exf3 Bf7 17.Rd3 f4 18.Ne4 Qf5 19.Qd2 fxg3 20.hxg3 Qe6 21.Ng5 Qb6+ 22.c5 Qa6
23.Bb2 Qc6 24.Nxf7 Kxf7 25.Rc1 Re7 26.Re3 Rae8 27.Rxe7+ Rxe7 28.Qf2 Qa6 29.Bf1 Qc6
30.Bc4+ Kf8 31.Rd1 Nd7 32.Bxg7+ Kxg7 33.b4 Qf6 34.Kg2 Ne5 35.Bb3 Qf5 36.Rd8 Nf7
37.Bxf7 Rxf7 38.Qd4+ Kh6 39.Qe3+ Kg7 40.Qd4+ Kh6 41.Qe3+ Kg7 42.Rd2 Qf6  1/2-1/2

[Event "CZE-chT 9697"]
[Site "CZE"]
[Date "1997.??.??"]
[Round "5"]
[White "Stocek, Jiri"]
[Black "Vokac, Marek"]
[Result "1-0"]
[WhiteElo "2450"]
[BlackElo "2485"]

1.d4 f5 2.Nf3 Nf6 3.g3 g6 4.Bg2 Bg7 5.O-O O-O 6.c4 d6 7.Nc3 Nc6 8.d5 Ne5
9.Nxe5 dxe5 10.Qb3 Kh8 11.Rd1 h6 12.Bd2 g5 13.c5 f4 14.Be1 Qe8 15.Nb5 fxg3
16.hxg3 Qh5 17.f3 Ne8 18.d6 exd6 19.cxd6 cxd6 20.Nxd6 Nxd6 21.Rxd6 g4 22.Rc1 gxf3
23.exf3 Bh3 24.Rc4 Bxg2 25.Kxg2 Rae8 26.Qe3 Qf7 27.Rxh6+ Bxh6 28.Qxh6+ Qh7
29.Qe3 Rf5 30.g4 Rf7 31.Bc3 Qg6 32.Bxe5+ Kg8 33.Kg3 Rh7 34.Qb3 Qe6 35.f4 Rh1
36.Rc7 Rg1+ 37.Kf3 Qxb3+ 38.axb3 Rd8 39.g5 a6 40.Rxb7 Rgd1 41.Ke4 a5 42.g6 R1d7
43.Rxd7 Rxd7 44.f5 Rb7 45.f6 Rb6 46.Kd5  1-0

[Event "CZE-chT 9697"]
[Site "CZE"]
[Date "1997.??.??"]
[Round "6"]
[White "Cvek, Robert"]
[Black "Vrana, Frantisek"]
[Result "1-0"]
[WhiteElo "2340"]
[BlackElo "2240"]

1.d4 f5 2.Nf3 Nf6 3.c4 g6 4.g3 Bg7 5.Bg2 O-O 6.O-O d6 7.Nc3 c6 8.b3 Qe8 9.Ba3 Na6
10.Qc2 b5 11.cxb5 cxb5 12.b4 Bb7 13.Qb3+ Kh8 14.d5 Nc7 15.Rad1 Rc8 16.Nd4 a6
17.Bb2 Ng4 18.Nf3 Qf7 19.h3 Nf6 20.Ng5 Qg8 21.h4 Ng4 22.e3 Bf6 23.e4 h6 24.Nh3 Qg7
25.exf5 Nxd5 26.Nxd5 Bxb2 27.Ndf4 Bxg2 28.Nxg6+ Kh7 29.Nxf8+ Rxf8 30.Kxg2 Be5
31.Qd3 Kh8 32.f4 Bc3 33.Nf2 Bf6 34.Nxg4 Qxg4 35.Qf3 Qxf5 36.Rd5 Qc2+ 37.Rf2 Qc4
38.Rh5 Bg7 39.a3 e5 40.Qg4 Qe4+ 41.Kh2 Qd4 42.Kg2 Qe4+ 43.Qf3 Qc4 44.Re2 exf4
45.g4 Qf7 46.Rf5 Qc4 47.Rxf8+ Bxf8 48.Re4 Qa2+ 49.Kh3 d5 50.Re8 Kg8 51.Rd8 Kg7
52.Rd7+ Kh8 53.Qd3  1-0

[Event "Neckar op 1st"]
[Site "Deizisau"]
[Date "1997.??.??"]
[Round "4"]
[White "Bagirov, Vladimir"]
[Black "Schnepp, Gunnar"]
[Result "1-0"]
[WhiteElo "2505"]
[BlackElo "2270"]

1.Nf3 f5 2.d4 Nf6 3.g3 g6 4.Bg2 Bg7 5.O-O O-O 6.c4 d6 7.Nc3 Qe8 8.b3 Nc6
9.Nb5 Qd8 10.d5 Ne4 11.dxc6 Bxa1 12.Qd5+ e6 13.cxb7 Bxb7 14.Qxb7 a6 15.Nxc7 Rb8
16.Nxe6 Rxb7 17.Nxd8 Rxd8 18.Ng5 Re8 19.Nxe4 fxe4 20.Bf4 Bg7 21.Bxd6 Bf8
22.Bxf8 Kxf8 23.Rd1 a5 24.Rd4 a4 25.Bxe4 Rb4 26.bxa4 Rc8 27.Bd5 Rxa4 28.Rf4+ Kg7
29.Rf7+ Kh8 30.e4 Rxa2 31.e5 Re2 32.e6 Re1+ 33.Kg2 Re5 34.e7 Rf5 35.Rxf5 gxf5
36.Bc6  1-0

[Event "Dresden op"]
[Site "Dresden"]
[Date "1997.??.??"]
[Round "1"]
[White "Gerstenhauer, Doreen"]
[Black "Voekler, Bernd"]
[Result "1-0"]
[WhiteElo "2010"]
[BlackElo "2395"]

1.d4 g6 2.c4 f5 3.g3 Nf6 4.Bg2 Bg7 5.Nf3 O-O 6.O-O d6 7.Nc3 Qe8 8.Re1 Na6
9.Bf4 h6 10.h4 Nh5 11.Bd2 e5 12.e3 Qf7 13.Qb3 Rb8 14.Nb5 f4 15.exf4 exf4
16.Ng5 Qf6 17.c5+ Kh8 18.Ne4 Qd8 19.cxd6 c6 20.Na3 Bf5 21.Nc4 fxg3 22.fxg3 Bxd4+
23.Be3 Bg7 24.Bxa7 Bxe4 25.Rxe4 b5 26.Ne5 Qxd6 27.Bxb8 Qc5+ 28.Qe3 Rxb8 29.Qxc5 Nxc5
30.Re3 Kh7 31.Rd1 Re8 32.Ng4 Rxe3 33.Nxe3 Nxg3 34.Bxc6 b4 35.Kf2 Nh5 36.Nc2 Bxb2
37.Nxb4 Bf6 38.a4 Bxh4+ 39.Kf3 Nb3 40.Rd7+ Ng7 41.Bd5 Nc5 42.Ra7 h5 43.a5 Kh6
44.a6 Nf5 45.Rh7+ Kxh7 46.a7 Nd4+ 47.Kg2 Be1 48.a8=Q Bxb4  1-0

[Event "RUS-ch m3-4"]
[Site "Elista"]
[Date "1997.??.??"]
[Round "2.3"]
[White "Aseev, Konstantin N"]
[Black "Lastin, Alexander"]
[Result "0-1"]
[WhiteElo "2530"]
[BlackElo "2535"]

1.d4 f5 2.c4 Nf6 3.Nf3 g6 4.g3 Bg7 5.Bg2 O-O 6.O-O d6 7.Nc3 Qe8 8.b3 e5 9.dxe5 dxe5
10.e4 Nc6 11.Ba3 Rf7 12.exf5 gxf5 13.Re1 e4 14.Ng5 Rd7 15.Qc1 Ne5 16.Ncxe4 fxe4
17.Nxe4 Qg6 18.Nxf6+ Bxf6 19.Be4 Qh5 20.Qf4 Bg7 21.Rab1 c6 22.Bb2 Rf7 23.Qd2 Ng4
24.f3 Nf6 25.g4 Qc5+ 26.Kg2 Qf8 27.Bc2 Bd7 28.Re2 c5 29.Qg5 Bc6 30.Kg3 Kh8
31.Re3 Re8 32.Rxe8 Qxe8 33.Rf1 Qe7 34.Rf2  0-1

[Event "Fencible Masters"]
[Site "Fencible"]
[Date "1997.??.??"]
[Round "7"]
[White "Smith, Robert W"]
[Black "Garbett, Paul Anthony"]
[Result "1/2-1/2"]
[WhiteElo "2300"]
[BlackElo "2300"]

1.d4 f5 2.Nf3 Nf6 3.c4 g6 4.g3 Bg7 5.Bg2 O-O 6.O-O d6 7.Nc3 c6 8.b3 Na6 9.Bb2 Nc7
10.Qd3 Nh5 11.e3 e5 12.dxe5 dxe5 13.Qxd8 Rxd8 14.Rfd1 Be6 15.Na4 e4 16.Ng5 Bxb2
17.Nxb2 Nf6 18.Bf1 h6 19.Nxe6 Nxe6 20.Be2 Kf7 21.Rxd8 Rxd8 22.Rd1 Rxd1+ 23.Bxd1 Ke7  1/2-1/2

[Event "FRA-chT9697 groupe A"]
[Site "France"]
[Date "1997.??.??"]
[Round "2"]
[White "Verat, Laurent"]
[Black "Ristic, Alexandre"]
[Result "0-1"]
[WhiteElo "2300"]
[BlackElo "2160"]

1.d4 f5 2.Nf3 Nf6 3.g3 g6 4.Bg2 Bg7 5.O-O O-O 6.c4 d6 7.Nc3 Qe8 8.b3 h6 9.Bb2 c6
10.Qc2 Na6 11.Rad1 Nb4 12.Qd2 a5 13.a3 Na6 14.Na4 Nc7 15.Nb6 Ra6 16.Nxc8 Qxc8
17.Qd3 g5 18.Nd2 g4 19.e4 f4 20.gxf4 Nh5 21.f5 e6 22.f4 exf5 23.Rde1 Ne6
24.Qe3 c5 25.exf5 Nxd4 26.Bd5+ Kh8 27.Qe7 Rb6 28.Qh4 Qxf5 29.Be4 Qf7 30.Qxg4 Nf6
31.Qh3 Nxe4 32.Rxe4 Qg6+ 33.Kh1 Rxb3 34.Nxb3 Qxe4+ 35.Kg1 Rg8 36.Qf3 Bf6+  0-1

[Event "FRA-chT9697 groupe A"]
[Site "France"]
[Date "1997.??.??"]
[Round "3"]
[White "Verat, Laurent"]
[Black "Vasseur, Patrick"]
[Result "1-0"]
[WhiteElo "2300"]
[BlackElo "2180"]

1.d4 f5 2.g3 Nf6 3.Bg2 g6 4.Nf3 Bg7 5.O-O O-O 6.c4 d6 7.Nc3 Qe8 8.b3 Nc6
9.Ba3 Ne4 10.Nd5 Qd8 11.e3 e6 12.Nf4 Qe8 13.Rc1 g5 14.Nd3 g4 15.Nd2 Ng5 16.d5 Ne5
17.Nxe5 Bxe5 18.c5 Rf6 19.Nc4 Rh6 20.cxd6 cxd6 21.Bxd6 Bxd6 22.Nxd6 Qh5 23.h4 Bd7
24.dxe6 Bxe6 25.f4 gxf3 26.Bxf3 Nxf3+ 27.Qxf3 Qg6 28.Kh2 Rd8 29.Rcd1 Bxb3
30.axb3 Rxd6 31.Qxb7 f4 32.Rxf4  1-0

[Event "Frydek-Mistek op-B"]
[Site "Frydek-Mistek"]
[Date "1997.??.??"]
[Round "3"]
[White "Cech, Tomas"]
[Black "Krivolopov, Konstantin"]
[Result "0-1"]
[WhiteElo "2155"]
[BlackElo "2315"]

1.Nf3 f5 2.d4 Nf6 3.g3 g6 4.Bg2 Bg7 5.O-O O-O 6.c4 d6 7.Nc3 Qe8 8.d5 c6 9.Nd4 Bd7
10.Rb1 Na6 11.b3 Nc7 12.Bb2 c5 13.Nc2 b5 14.Qd3 Rb8 15.Ba1 Ng4 16.f4 Qc8
17.Rfc1 bxc4 18.bxc4 Qa6 19.h3 Nf6 20.Rb3 Rxb3 21.axb3 Rb8 22.Rb1 Qa5 23.Kh2 Na6
24.e3 Nb4 25.Nxb4 Rxb4 26.Qc2 Rb7 27.Bf3 Kf7 28.Bb2 Qb4 29.Bd1 a5 30.Kg2 a4
31.bxa4 Ng4 32.Bc1 Qxc3 33.Qxc3 Rxb1 34.Qd2 Nf6 35.Bc2 Ne4 36.Bxe4 fxe4 37.Qc2 Ra1
38.Bd2 Rxa4 39.Qxe4 Bf5 40.Qf3 Ra2 41.Qf2 Be4+ 42.Kf1 Bd3+ 43.Kg2 Bxc4 44.g4 Bxd5+
45.Kg3 Be4 46.Qe2 d5 47.Qd1 c4 48.h4 Ra1 49.Qe2 c3  0-1

[Event "Frydek-Mistek op-A"]
[Site "Frydek-Mistek"]
[Date "1997.??.??"]
[Round "5"]
[White "Szymanski, Andrzej"]
[Black "Miton, Kamil"]
[Result "1/2-1/2"]
[WhiteElo "2240"]
[BlackElo "2280"]

1.d4 f5 2.g3 g6 3.Bg2 Bg7 4.Nf3 Nf6 5.O-O O-O 6.c4 d6 7.Nc3 Nc6 8.d5 Na5
9.Qa4 c5 10.dxc6 bxc6 11.c5 dxc5 12.Ne5 Qb6 13.Qc2 Qc7 14.Nd3 c4 15.Nc5 e5
16.Rd1 Nb7 17.Nxb7 Qxb7 18.Qa4 Qf7 19.Bxc6 Rb8 20.Bb5 Be6 21.Rd6 Kh8 22.Ra6 Rb7
23.Be3 f4 24.Bxa7 fxg3 25.hxg3 Ng4 26.Ne4 Qf5 27.f3 Bd5 28.Bc6 Bxc6 29.Qxc6 Rxb2
30.fxg4 Qxg4 31.Re1 Rxe2 32.Rxe2 Qxe2 33.Bf2 Qd1+ 34.Kg2 Qf3+ 35.Kg1  1/2-1/2

[Event "Geneve op"]
[Site "Geneve"]
[Date "1997.??.??"]
[Round "2"]
[White "Lazarev, Vladimir"]
[Black "Malaniuk, Vladimir P"]
[Result "1/2-1/2"]
[WhiteElo "2450"]
[BlackElo "2610"]

1.d4 f5 2.g3 Nf6 3.Bg2 g6 4.Nf3 Bg7 5.O-O O-O 6.c4 d6 7.Nc3 Qe8 8.d5 Na6
9.Rb1 Bd7 10.b4 c6 11.dxc6 bxc6 12.a3 Nc7 13.Bb2 Ne6 14.c5 dxc5 15.Ne5 Rd8
16.bxc5 Nxc5 17.Qd4 Nce4 18.Nxe4 Be6 19.Nxf6+ exf6 20.Bxc6 fxe5 21.Qc5 Rc8
22.Rbc1 Qf7 23.Qa5 Qc7 24.Qxc7 Rxc7 25.Bd5 Re7 26.Bxe6+ Rxe6 27.Rc7 Rf7 28.Rc8+ Rf8
29.Rc7  1/2-1/2

[Event "BL2-W9798"]
[Site "Germany"]
[Date "1997.??.??"]
[Round "?.6"]
[White "Krallmann, Matthias"]
[Black "Buscher, Michael"]
[Result "1/2-1/2"]
[WhiteElo "2285"]
[BlackElo "2340"]

1.d4 g6 2.c4 f5 3.g3 Nf6 4.Bg2 Bg7 5.Nf3 O-O 6.O-O d6 7.Nc3 Qe8 8.b3 Na6
9.Ba3 c6 10.Qd3 Rb8 11.e4 b5 12.e5 b4 13.exf6 Bxf6 14.Bb2 bxc3 15.Bxc3 Qf7
16.Rae1 Re8  1/2-1/2

[Event "BL2-S9697"]
[Site "Germany"]
[Date "1997.??.??"]
[Round "?.2"]
[White "Fahnenschmidt, Gerhard"]
[Black "Von Naso, Lancelot"]
[Result "1/2-1/2"]
[WhiteElo "2385"]
[BlackElo "2120"]

1.d4 f5 2.Nf3 Nf6 3.g3 g6 4.Bg2 Bg7 5.O-O O-O 6.c4 d6 7.Nc3 Nc6 8.d5 Na5
9.Nd2 c5 10.Rb1 e5 11.dxe6 Bxe6 12.b3 d5 13.cxd5 Nxd5 14.Nxd5 Bxd5 15.e4 fxe4
16.Nxe4 Bxe4 17.Bxe4 Qxd1 18.Rxd1 Bd4 19.Be3 Bxe3 20.fxe3 Rae8 21.Bd5+ Kg7
22.e4 Re7 23.Rbc1 b6 24.Rf1 Rxf1+ 25.Kxf1 Nb7 26.Kf2 Nd6 27.Kf3 Nf7 28.Bxf7  1/2-1/2

[Event "BL2-S9798"]
[Site "Germany"]
[Date "1997.??.??"]
[Round "?.6"]
[White "Jauernig, Udo"]
[Black "Von Naso, Lancelot"]
[Result "0-1"]
[WhiteElo "2235"]
[BlackElo "2160"]

1.d4 f5 2.g3 Nf6 3.Bg2 g6 4.Nf3 Bg7 5.O-O O-O 6.c4 d6 7.Nc3 Nc6 8.d5 Na5
9.Qa4 c5 10.dxc6 bxc6 11.Nd4 Bd7 12.Nxc6 Nxc6 13.Bxc6 Bxc6 14.Qxc6 Rc8 15.Qa4 Qd7
16.b3 Qb7 17.Rb1 Rc6 18.Be3 Ng4 19.Nd5 Ra6 20.Qb4 Qd7 21.a4 Nxe3 22.Nxe3 Rb6
23.Qd2 Rfb8 24.Qd3 Qb7 25.Nd5 Rxb3 26.Rxb3 Qxb3 27.Nxe7+ Kf7 28.Qxd6 Bf8
29.e4 Bxe7 30.Qd5+ Kg7 31.exf5 Qb4 32.fxg6 hxg6 33.Qd4+ Bf6 34.Qxa7+ Rb7
35.Qa6 Rf7 36.Qc6 Bd4 37.Qg2 Qxa4 38.Qd5 Qa7 39.Kg2 Qb6 40.h4 Qb2 41.h5 Rxf2+
42.Rxf2 Qxf2+ 43.Kh3 Qf1+ 44.Kg4 gxh5+ 45.Kxh5 Qh3+ 46.Kg5 Be3+  0-1

[Event "Landesliga Sued 9697 Bayern"]
[Site "Germany"]
[Date "1997.??.??"]
[Round "?"]
[White "Strangmueller, Andreas"]
[Black "Feldbacher, Harald"]
[Result "1/2-1/2"]
[WhiteElo "1895"]
[BlackElo "2045"]

1.d4 f5 2.g3 Nf6 3.Bg2 g6 4.Nf3 Bg7 5.O-O O-O 6.c4 d6 7.Nc3 c6 8.b3 Na6 9.Bb2 Bd7
10.a4 Qe8 11.d5 h6 12.Qd2 Nc5 13.Qc2 a5 14.Rad1 Rc8 15.Nd4 g5 16.Ba3 cxd5
17.Nxd5 Nxd5 18.Bxd5+ e6 19.Nxf5 Rxf5 20.Qxf5 exd5 21.Qxd5+ Be6 22.Qf3 Qe7
23.Rd2 Qf7 24.Qxf7+ Kxf7 25.Rxd6 Nxb3 26.Rb6 Bxc4 27.Rxb7+ Kg6 28.Rd1 Rc6
29.e3 g4 30.h4 gxh3 31.Rbd7 Be6 32.R7d3 Nc5 33.Rd6 Rxd6 34.Rxd6 Bf8 35.Bxc5 Bxd6
36.Bxd6 Bd7 37.Bc7  1/2-1/2

[Event "BL2-S9798"]
[Site "Germany"]
[Date "1997.??.??"]
[Round "?.8"]
[White "Steinmacher, Josef"]
[Black "Bossert, Christian"]
[Result "1/2-1/2"]
[WhiteElo "2110"]
[BlackElo "2160"]

1.d4 f5 2.g3 Nf6 3.Bg2 g6 4.Nf3 Bg7 5.O-O O-O 6.c4 d6 7.Nc3 Qe8 8.b3 Na6
9.Ba3 h6 10.Qd3 g5 11.e4 fxe4 12.Nxe4 Qg6 13.Nfd2 Bf5 14.Rad1 Kh8 15.d5 Rf7
16.b4 Nd7 17.Qb3 Raf8 18.Rfe1 Qh5 19.Re3 Ne5 20.f3 Qg6 21.Rde1 Kg8 22.Bb2  1/2-1/2

[Event "BL2-W9798"]
[Site "Germany"]
[Date "1997.??.??"]
[Round "?.2"]
[White "Lingnau, Carsten"]
[Black "Reinderman, Dimitri"]
[Result "1/2-1/2"]
[WhiteElo "2425"]
[BlackElo "2475"]

1.d4 f5 2.g3 Nf6 3.Bg2 g6 4.Nf3 Bg7 5.c4 O-O 6.O-O d6 7.Nc3 Qe8 8.d5 Na6
9.Rb1 Nc5 10.Nd4 e5 11.dxe6 Nxe6 12.Nxe6 Qxe6 13.Nd5 Qf7 14.Nxf6+ Qxf6 15.b3 Rb8
16.Bb2 Qe7 17.Bxg7 Qxg7 18.Qd2 b6 19.f4 Bd7 20.e4 fxe4 21.Bxe4 Qf6 22.Bg2 Rbe8
23.Rbe1 Kg7 24.h3 h5 25.h4 Rxe1 26.Rxe1 Re8 27.Kh2 Rxe1 28.Qxe1 a5 29.Qe4 Bf5
30.Qc6 Qe7 31.a3 Bc2 32.b4 axb4 33.axb4 Bf5 34.b5  1/2-1/2

[Event "BL2-W9697"]
[Site "Germany"]
[Date "1997.??.??"]
[Round "?.7"]
[White "Schmidt, Bodo"]
[Black "Buscher, Michael"]
[Result "1/2-1/2"]
[WhiteElo "2350"]
[BlackElo "2350"]

1.d4 g6 2.Nf3 Bg7 3.c4 f5 4.g3 Nf6 5.Bg2 O-O 6.O-O d6 7.Nc3 Qe8 8.b3 Na6
9.Ba3 c6 10.Qd3 Rb8 11.d5 cxd5 12.Nxd5 Nxd5 13.Qxd5+ Kh8 14.Rab1 Bd7 15.Bb2 Qf7
16.Bxg7+ Qxg7 17.Qd4 Nc5 18.Qxg7+ Kxg7 19.Nd4 Rfc8 20.Rfe1 Kf6 21.Rbd1 a6
22.Nc2  1/2-1/2

[Event "BL2-O9798"]
[Site "Germany"]
[Date "1997.??.??"]
[Round "1.8"]
[White "Fuss, Michael"]
[Black "Fischer, Johannes"]
[Result "0-1"]
[WhiteElo "2195"]
[BlackElo "2310"]

1.d4 f5 2.Nf3 Nf6 3.g3 g6 4.Bg2 Bg7 5.O-O O-O 6.c4 d6 7.Nc3 Qe8 8.Qc2 c6
9.e4 fxe4 10.Nxe4 Bf5 11.Nh4 Nxe4 12.Bxe4 Bxe4 13.Qxe4 Qf7 14.Bg5 Qxc4 15.Qxe7 Na6
16.Rac1 Qb5 17.Qe6+ Rf7 18.Be3 Rd8 19.b3 Nc7 20.Qc4 Qxc4 21.bxc4 d5 22.c5 Re8
23.Rc2 Nb5 24.Rd1 Re4 25.Rcd2 Na3 26.Rd3 Nc4 27.Rb3 b5 28.Ng2 a5 29.Rdd3 a4
30.Rb1 Kf8 31.Ne1 Ke8 32.Kg2 Kd7 33.Nf3 h6 34.h4 Nxe3+ 35.fxe3 Rfe7 36.Kf2 Rf7
37.Kg2 Bf6 38.Rf1 Rfe7 39.Kf2 g5 40.hxg5 hxg5 41.Rh1 g4 42.Nd2 Re8 43.Rh5 Rxe3
44.Rxe3 Bxd4 45.Nf1 b4 46.Ke2 Bxe3 47.Nxe3 d4 48.Kd3 dxe3 49.Ke2 Re4 50.Rh8 Rc4
51.Rb8 Ke6 52.Kd3 Kd5 53.Rg8 Rc3+ 54.Ke2 Kxc5 55.Rxg4 Ra3  0-1

[Event "BL2-N9798"]
[Site "Germany"]
[Date "1997.??.??"]
[Round "2.8"]
[White "Gieritz, Dietmar"]
[Black "Lahtela, Silvio"]
[Result "0-1"]
[WhiteElo "2165"]
[BlackElo "2190"]

1.d4 f5 2.Nf3 Nf6 3.g3 g6 4.Bg2 Bg7 5.O-O O-O 6.c4 d6 7.Nc3 Qe8 8.b3 Nc6
9.Nb5 Qd8 10.Ba3 Ne4 11.Rc1 a6 12.Nc3 Nxc3 13.Rxc3 Nxd4 14.Nxd4 c5 15.e3 Qa5
16.b4 cxb4 17.Rb3 bxa3 18.Bd5+ Kh8 19.Bxb7 Bxb7 20.Rxb7 Bf6 21.Nc6 Qc5 22.Nxe7 Rab8
23.Rxb8 Rxb8 24.Nd5 Bb2 25.Qa4 Rc8 26.Qd7 Qc6 27.Qe7 Qe8 28.Qxd6 Rxc4 29.Rd1 Rc6
30.Qb4 Rc8 31.Rd2 Rc1+ 32.Kg2 Qe4+ 33.f3 Qxb4 34.Nxb4 Ra1 35.Nxa6 Rxa2 36.Kh3 Ra1
37.Re2 Rc1 38.Nb4 Rc4 39.Na2 Kg7 40.Kg2 Kf6 41.Kf2 Ke6 42.Ke1 Kd5 43.Kd2 Kc5
44.Kd3 Kb5 45.e4 fxe4+ 46.fxe4 Rc5 47.Re3 Ka4 48.Kd2 g5 49.h3 h5 50.Rd3 g4
51.h4 Be5 52.Kd1 Rb5 53.Rd7 Rb1+ 54.Nc1 Bb2  0-1

[Event "NRW-Liga 9798"]
[Site "Germany"]
[Date "1997.??.??"]
[Round "2"]
[White "Schmidt, Bodo"]
[Black "Babar, Michael"]
[Result "1-0"]
[WhiteElo "2345"]
[BlackElo "2180"]

1.d4 f5 2.Nf3 Nf6 3.g3 g6 4.Bg2 Bg7 5.O-O O-O 6.c4 d6 7.Nc3 Qe8 8.b3 c6 9.Bb2 Na6
10.d5 Bd7 11.Qd2 Nc5 12.Rad1 a5 13.Nd4 Rc8 14.Ba1 Qf7 15.e3 Nfe4 16.Nxe4 fxe4
17.dxc6 bxc6 18.Qxa5 Bg4 19.f3 exf3 20.Bxf3 Bxf3 21.Rxf3 Bf6 22.Qd2 Ne4 23.Qd3 Ng5
24.Rff1 c5 25.Ne2 Qe6 26.Bxf6 Rxf6 27.Rxf6 Qxf6 28.Rf1 Nf3+ 29.Kg2 Nh4+ 30.gxh4  1-0

[Event "BL2-N9798"]
[Site "Germany"]
[Date "1997.??.??"]
[Round "3.2"]
[White "Pieniazek, Artur"]
[Black "Buhr, Carl Christian"]
[Result "1/2-1/2"]
[WhiteElo "2415"]
[BlackElo "2340"]

1.d4 f5 2.Nf3 Nf6 3.c4 g6 4.g3 Bg7 5.Bg2 O-O 6.O-O d6 7.Nc3 Nc6 8.d5 Na5
9.Qd3 e5 10.dxe6 Bxe6 11.b3 Nc6 12.Bb2 Ne4 13.Rac1 Qd7 14.e3 Rae8 15.Qb1 Nxc3
16.Bxc3 Bxc3 17.Rxc3 Qg7 18.Qa1 b6 19.Rd3 Qxa1 20.Rxa1 Ne5 21.Nxe5 dxe5 22.Bc6 Rd8
23.Rad1 Rxd3 24.Rxd3 Kf7 25.f4 e4 26.Rd4  1/2-1/2

[Event "SWE-ch op"]
[Site "Gotland"]
[Date "1997.??.??"]
[Round "4"]
[White "Johansson, Carl Fredrik"]
[Black "Johansson, Mikael"]
[Result "0-1"]
[WhiteElo "2240"]
[BlackElo "2310"]

1.d4 f5 2.Nf3 Nf6 3.g3 g6 4.Bg2 Bg7 5.O-O O-O 6.c4 d6 7.Nc3 Nc6 8.b3 Bd7
9.Bb2 e5 10.dxe5 dxe5 11.Ba3 e4 12.Ne1 Re8 13.Qc2 Nd4 14.Qd2 Bc6 15.Rd1 Ng4
16.Nc2 Nf3+ 17.exf3 Qxd2 18.Rxd2 Bxc3 19.Rdd1 exf3 20.Bh1 Re2 21.Nb4 Be4
22.Nd5 Rxa2 23.Bc1 Be5 24.h3 Nf6 25.Bf4 Nxd5 26.Bxe5 Re8 27.Ba1 Nb6 28.Rfe1 Kf7
29.Bd4 Re2 30.Be3 Rxe1+ 31.Rxe1 Rd8 32.g4 Rd3 33.gxf5 gxf5 34.Bxb6 axb6 35.Kh2 Kf6
36.Re3 Rxe3 37.fxe3 f2 38.Bg2 Bd3  0-1

[Event "Perenyi  Memorial"]
[Site "Gyula"]
[Date "1997.??.??"]
[Round "1"]
[White "Gonzales, G."]
[Black "Agrest, Evgenij"]
[Result "0-1"]
[WhiteElo "2475"]
[BlackElo "2460"]

1.d4 f5 2.g3 Nf6 3.Bg2 g6 4.Nf3 Bg7 5.c4 O-O 6.O-O d6 7.Nc3 c6 8.d5 e5 9.dxe6 Bxe6
10.b3 Na6 11.Bb2 Qe7 12.Ng5 Bd7 13.Qd2 Rad8 14.Rad1 Bc8 15.h4 Nh5 16.e3 h6
17.Nh3 g5 18.hxg5 hxg5 19.f4 g4 20.Ng5 Nc5 21.Nd5 cxd5 22.Bxd5+ Be6 23.b4 Bxb2
24.bxc5 Bxd5 25.Qxd5+ Kh8 26.Kf2 Rde8 27.e4 Nf6 28.Rh1+ Kg7 29.cxd6 Nxd5
30.dxe7 Nxe7 31.Ne6+ Kg8 32.Nxf8 Rxf8 33.Rd7 Ba3 34.e5 Rc8 35.Rb1 b6 36.Rxa7 Bc5+
37.Ke2 Nc6 38.Rd7 Ra8 39.Rb2 Ra3 40.Rd3 Nd4+ 41.Kd2 Ra4 42.Kd1 Rxc4 43.Rh2 Ra4
44.Kc1 Kf7 45.Kb1 Rb4+ 46.Rb2 Ra4 47.Rh2 Ke6 48.Rh6+ Kd5 49.e6 Ke4 50.Rc3 Rb4+  0-1

[Event "Wichern op"]
[Site "Hamburg"]
[Date "1997.??.??"]
[Round "1"]
[White "Fahimi, Mustafa"]
[Black "McDonald, Neil R"]
[Result "1/2-1/2"]
[WhiteElo "2215"]
[BlackElo "2490"]

1.d4 f5 2.Nf3 Nf6 3.g3 g6 4.Bg2 Bg7 5.O-O O-O 6.c4 d6 7.Qc2 c6 8.Nc3 d5 9.Bf4 Kh8
10.e3 Be6 11.Qb3 Qc8 12.Qa3 dxc4 13.Qxe7 Na6 14.Ng5 Bg8 15.Be5 h6 16.Nf3 Re8
17.Qd6 Re6 18.Qa3 Nc7 19.Nd2 b5 20.Bxc7 Qxc7 21.Nxb5 Qb8 22.Nc3 Bf8 23.Qa5 Bb4
24.Qa4 Nd5 25.Qc2  1/2-1/2

[Event "SWE-ch qualA"]
[Site "Haninge"]
[Date "1997.??.??"]
[Round "10"]
[White "Nilsson, Mattias"]
[Black "Persson, Lars"]
[Result "1-0"]
[WhiteElo "2230"]
[BlackElo "2125"]

1.d4 f5 2.g3 Nf6 3.Bg2 g6 4.Nf3 Bg7 5.O-O O-O 6.c4 d6 7.Nc3 Qe8 8.d5 Bd7
9.Rb1 c6 10.b4 Na6 11.dxc6 Bxc6 12.b5 Bxf3 13.Bxf3 Nc5 14.Be3 Nfd7 15.Na4 Rd8
16.Nxc5 Nxc5 17.Bxc5 dxc5 18.Qa4 b6 19.Qxa7 Rd6 20.Rfd1 Rff6 21.a4 Qd8 22.Rxd6 Rxd6
23.a5 Be5 24.a6 Rd7 25.Qa8 Qxa8 26.Bxa8 Bb8 27.Bd5+ Kg7 28.e4 Kf6 29.exf5 gxf5
30.Re1 e5 31.Kg2 h5 32.Kh3 Rd8 33.Bf3 Kg5 34.Bc6 Kf6 35.Re3 Rd4 36.Bd5 Rd2
37.Kg2 e4 38.h3 Ke5 39.g4 hxg4 40.hxg4 fxg4 41.Rxe4+ Kf5 42.Re8  1-0

[Event "SLO-ch int blind"]
[Site "Izola"]
[Date "1997.??.??"]
[Round "?"]
[White "Negovanovic, B."]
[Black "Jesensek, D."]
[Result "1/2-1/2"]
[WhiteElo "2150"]
[BlackElo "1985"]

1.Nf3 f5 2.d4 Nf6 3.g3 g6 4.Bg2 Bg7 5.O-O O-O 6.c4 e6 7.Nc3 d5 8.cxd5 exd5
9.Bg5 c6 10.Qd2 Nbd7 11.h3 Qe8 12.Rad1 Ne4 13.Nxe4 fxe4 14.Ne1 Nb6 15.b3 Be6
16.Kh2 Nc8 17.Nc2 Nd6 18.Bh6 Qd7 19.Bxg7 Kxg7 20.Ne3 Rf7 21.f3 exf3 22.exf3 Re8
23.Rf2 h5 24.h4 Nf5 25.Re1 Nh6 26.Rfe2 Rfe7 27.Qb4 Kf7 28.Qd2 Kg7 29.Bf1 Bf5
30.Ng2 Rxe2 31.Rxe2 Rxe2 32.Qxe2 Qe6 33.Qd2 Qe7 34.Nf4 Nf7 35.Nd3 Bxd3 36.Bxd3 Nd6
37.Qf4 Nf7 38.Qd2 Qe6 39.Kg2 b6 40.Qe2 Qxe2+ 41.Bxe2 a5 42.Kf2 Kf6 43.Ke3 g5
44.hxg5+ Kxg5 45.f4+ Kg6 46.Bd3+ Kf6 47.Be2 Kg6 48.Bd3+ Kf6  1/2-1/2

[Event "World Cities"]
[Site "Jakarta "]
[Date "1997.??.??"]
[Round "3"]
[White "Mahmud, Syarif"]
[Black "Tu Hoang Thong"]
[Result "0-1"]
[WhiteElo "2325"]
[BlackElo "2475"]

1.Nf3 f5 2.d4 Nf6 3.c4 g6 4.g3 Bg7 5.Bg2 O-O 6.O-O d6 7.Nc3 Nc6 8.b3 e5 9.dxe5 dxe5
10.Ba3 e4 11.Bxf8 Qxf8 12.Rc1 exf3 13.Bxf3 Ne5 14.Bg2 c6 15.e3 Be6 16.Qe2 Re8
17.Rfd1 g5 18.h3 Bf7 19.f3 f4 20.gxf4 gxf4 21.exf4 Nxc4 22.Ne4 Nb6 23.Qf2 Nfd5
24.Qg3 Bg6 25.f5 Be5 26.Qg4 Qxf5 27.Re1 Qf4 28.Qxf4 Nxf4 29.Rcd1 Nbd5 30.Bf1 Kf8
31.Kh1 Bh5 32.Nd2 Bc3 33.Rxe8+ Kxe8 34.Bc4 Ne3 35.Rg1 Bxd2 36.Rg8+ Kd7 37.Rg7+ Ke8
38.Rxh7 Bxf3+ 39.Kh2 Nxc4 40.bxc4 c5 41.Kg3 Be2 42.h4 Bxc4 43.h5 Bxa2  0-1

[Event "Klatovy op-A"]
[Site "Klatovy"]
[Date "1997.??.??"]
[Round "?"]
[White "Hasek, Vaclav"]
[Black "Spal, Milan"]
[Result "1-0"]
[WhiteElo "2125"]
[BlackElo "2265"]

1.Nf3 f5 2.d4 Nf6 3.c4 g6 4.g3 Bg7 5.Bg2 O-O 6.O-O d6 7.b3 e5 8.dxe5 Ng4
9.Bb2 Nc6 10.Qd5+ Kh8 11.Rd1 Qe8 12.Na3 a6 13.h3 Ngxe5 14.Qd2 f4 15.gxf4 Nxf3+
16.Bxf3 Bxh3 17.Bxg7+ Kxg7 18.Bxc6 bxc6 19.Qc3+ Kg8 20.Qxh3 Rxf4 21.e3 Rf5
22.Nc2 Qe4 23.Nd4 Rg5+ 24.Kf1 Re8 25.Qf3 Qh4 26.Ke2 c5 27.Qc6 Rf8 28.Nf3 Rxf3
29.Qxf3 Rf5 30.Qa8+ Kg7 31.f3 Re5 32.Rh1 Qd4 33.Rxh7+ Kxh7 34.Rh1+ Kg7 35.Qh8+ Kf7
36.Rh7+ Ke6 37.Qg8+ Kf5 38.Rf7+ Kg5 39.f4+ Kh4 40.Rh7+  1-0

[Event "RUS-ch U20"]
[Site "Kolontaevo"]
[Date "1997.??.??"]
[Round "?"]
[White "Rychagov, Andrei"]
[Black "Kobalija, Mihail"]
[Result "1/2-1/2"]
[WhiteElo "2455"]
[BlackElo "2545"]

1.d4 f5 2.c4 Nf6 3.Nf3 g6 4.g3 Bg7 5.Bg2 O-O 6.O-O d6 7.Nc3 Qe8 8.b3 e5 9.dxe5 dxe5
10.e4 Nc6 11.Nd5 Qd7 12.exf5 e4 13.Ng5 gxf5 14.Be3 Nxd5 15.cxd5 Bxa1 16.Qxa1 Qxd5
17.Rd1 Qe5 18.Qc1 Rf6 19.Bf1 h6 20.Bc4+ Kg7 21.Nh3 Rd6 22.Bf4 Rxd1+ 23.Qxd1 Qf6
24.Qd5 Be6 25.Qxe6 Qxe6 26.Bxe6 Kf6  1/2-1/2